[Event "Campeonato Individual Provincial Absolut"]
[Site "Trinquet de Manises (Manises -"]
[Date "2011.11.12"]
[Round "5"]
[White "Picornell Morant, Juan Enrique"]
[Black "Rubio Fornes, Abel"]
[Result "1-0"]
[WhiteElo "1962"]
[BlackElo "2006"]
[PlyCount "37"]
[EventDate "2011.10.01"]
[EventRounds "7"]
[EventCountry "ESP"]

1. e4 e6 2. d4 d5 3. Nd2 c5 4. Ngf3 Nc6 5. exd5 exd5 6. Bb5 Nf6 7. O-O h6 8.
Re1+ Be6 9. Ne5 Qb6 10. Qe2 O-O-O 11. Nxc6 bxc6 12. Ba6+ Kc7 13. dxc5 Bxc5 14.
Nb3 Bg4 15. Bf4+ Bd6 16. Qe7+ Kb8 17. Bxd6+ Ka8 18. Nc5 Bc8 19. Bc7 1-0

[Event "Campeonato Individual Provincial Absolut"]
[Site "Trinquet de Manises (Manises -"]
[Date "2011.11.12"]
[Round "5"]
[White "Marco Francisco, Miriam"]
[Black "Redondo Flores, David"]
[Result "0-1"]
[WhiteElo "1882"]
[BlackElo "1956"]
[PlyCount "172"]
[EventDate "2011.10.01"]
[EventRounds "7"]
[EventCountry "ESP"]

1. e4 c5 2. Nf3 d6 3. d4 cxd4 4. Nxd4 Nf6 5. Nc3 a6 6. Be3 e6 7. g4 e5 8. Nf5
g6 9. g5 gxf5 10. gxf6 f4 11. Bc1 Be6 12. Rg1 Nd7 13. b3 Nxf6 14. Bb2 h5 15.
Qd3 Qb6 16. Na4 Qb4+ 17. Nc3 Qb6 18. Na4 Qa7 19. h3 Nd7 20. Qd2 Nc5 21. Nc3
O-O-O 22. O-O-O Bh6 23. f3 Nxb3+ 24. axb3 Qxg1 25. Nd5 Bxd5 26. Qxd5 Qc5 27.
Qxf7 Qe3+ 28. Kb1 Qxf3 29. Qd5 Qe3 30. Bxa6 Qb6 31. Be2 Bg5 32. Bc3 Qc5 33.
Qe6+ Kb8 34. Bb2 Rhf8 35. Qg6 Be7 36. Qe6 Qc7 37. Bxh5 Rc8 38. c4 f3 39. Rf1 f2
40. Bf7 Bg5 41. Rxf2 Bf4 42. Bg6 Qc5 43. Rg2 Rh8 44. Bf5 Rce8 45. Qf6 Ref8 46.
Qe7 Rfg8 47. Rg7 Rxg7 48. Qxg7 Rh6 49. Qf8+ Ka7 50. Qe8 Qb4 51. Ka2 Qa5+ 52.
Kb1 Qb4 53. Kc2 Qb6 54. Qa4+ Qa6 55. Qe8 Rh4 56. Bg4 Rh7 57. Qd8 Qb6 58. Qf6
Qc6 59. Bf5 Rh6 60. Qd8 Qc5 61. Kb1 Be3 62. Ka2 Bd2 63. Bc8 Rg6 64. Bg4 Rg7 65.
Ba3 Bb4 66. Bb2 Rc7 67. Qe8 Rc6 68. Bd7 Ra6+ 69. Ba4 Qf2 70. Kb1 Qf1+ 71. Ka2
Qxh3 72. Qb5 Rb6 73. Qd5 Qg2 74. Kb1 Qf1+ 75. Ka2 Qe2 76. Kb1 Bc5 77. Bxe5 dxe5
78. Qxc5 Qxe4+ 79. Ka2 Qd4 80. Qa5+ Ra6 81. Qb4 e4 82. Kb1 e3 83. Kc2 e2 84.
Qe1 Re6 85. Qa5+ Kb8 86. Qe1 Qe4+ 0-1

[Event "Campeonato Individual Provincial Absolut"]
[Site "Trinquet de Manises (Manises -"]
[Date "2011.11.12"]
[Round "5"]
[White "De La Calle Llopis, Juan"]
[Black "Monton Queralt, Jose Angel"]
[Result "1/2-1/2"]
[WhiteElo "2025"]
[BlackElo "2072"]
[PlyCount "136"]
[EventDate "2011.10.01"]
[EventRounds "7"]
[EventCountry "ESP"]

1. d4 d5 2. Nf3 Nf6 3. c4 c6 4. cxd5 cxd5 5. Nc3 Nc6 6. Bf4 Bf5 7. e3 e6 8. Be2
Qb6 9. Qb3 Qxb3 10. axb3 Be7 11. O-O O-O 12. Rfc1 a6 13. h3 Nb4 14. Na4 Rac8
15. Nb6 Rc2 16. Rxc2 Bxc2 17. Rc1 Ne4 18. Ne1 Nd2 19. Rxc2 Nxc2 20. Nxc2 Nxb3
21. f3 f6 22. Bg3 Bd8 23. Na4 Rf7 24. Ne1 Bc7 25. Bf2 Bd6 26. Nd3 Rc7 27. Bd1
Nc1 28. Nac5 Nxd3 29. Nxd3 b5 30. Kf1 a5 31. Be1 Ra7 32. e4 a4 33. exd5 exd5
34. Nb4 a3 35. bxa3 Rxa3 36. Ke2 Bxb4 37. Bxb4 Ra2+ 38. Kd3 Rxg2 39. Bb3 Rg5
40. Be1 Kf7 41. f4 Rf5 42. Ke3 g5 43. Bg3 gxf4+ 44. Bxf4 Rh5 45. Kf2 Rxh3 46.
Bxd5+ Ke7 47. Bg3 b4 48. Kg2 Rh5 49. Bc4 Ra5 50. Be1 Kd8 51. Bh4 Rf5 52. Bd3
Rf4 53. Bf2 h5 54. Kg3 Rg4+ 55. Kf3 Ke7 56. Bc2 Rg5 57. Be1 Rb5 58. Ba4 Rb6 59.
Bb3 Kd6 60. Ke4 Kc6 61. Ba4+ Kb7 62. Bb3 Ka6 63. d5 Kb5 64. Kd4 Rb8 65. d6 Rh8
66. Bh4 Kc6 67. Bxf6 Rh6 68. Be7 Rxd6+ 1/2-1/2

[Event "Campeonato Individual Provincial Absolut"]
[Site "Trinquet de Manises (Manises -"]
[Date "2011.11.19"]
[Round "6"]
[White "Montoliu Cervero, Francisco"]
[Black "Sanchez Saez, Francisco"]
[Result "0-1"]
[WhiteElo "2159"]
[BlackElo "2268"]
[PlyCount "68"]
[EventDate "2011.10.01"]
[EventRounds "7"]
[EventCountry "ESP"]

1. e4 c5 2. Nf3 d6 3. d4 cxd4 4. Nxd4 Nf6 5. Nc3 g6 6. Be3 Bg7 7. f3 O-O 8. Qd2
Nc6 9. O-O-O d5 10. exd5 Nxd5 11. Nxc6 bxc6 12. Bd4 e5 13. Bc5 Be6 14. Ne4 Rb8
15. g4 f5 16. gxf5 gxf5 17. Ng5 e4 18. c3 Qa5 19. Nxe6 Qxa2 20. Qc2 Bh6+ 21. f4
Nxf4 22. Rg1+ Ng2+ 23. Rd2 Bxd2+ 24. Kxd2 Rxb2 25. Rxg2+ Kf7 26. Rg7+ Kxe6 27.
Bc4+ Qxc4 28. Qxb2 Qxc5 29. Rxh7 Qf2+ 30. Kc1 Qxb2+ 31. Kxb2 f4 32. Rxa7 f3 33.
Ra1 f2 34. Rf1 e3 0-1

[Event "Campeonato Individual Provincial Absolut"]
[Site "Trinquet de Manises (Manises -"]
[Date "2011.11.19"]
[Round "6"]
[White "Rubio Tent, Francisco"]
[Black "Silva Rodriguez, Fernando"]
[Result "1/2-1/2"]
[WhiteElo "2037"]
[BlackElo "2140"]
[PlyCount "62"]
[EventDate "2011.10.01"]
[EventRounds "7"]
[EventCountry "ESP"]

1. e4 e5 2. Nf3 Nc6 3. Bb5 a6 4. Ba4 Nf6 5. d3 d6 6. c3 g6 7. O-O Bg7 8. Re1
O-O 9. Bxc6 bxc6 10. d4 Nd7 11. Bg5 f6 12. Bh4 Qe8 13. Nbd2 c5 14. Nc4 Qf7 15.
Ne3 Rb8 16. Qd2 h5 17. dxe5 dxe5 18. Bg3 c4 19. Qe2 Nb6 20. Nd2 Be6 21. f4 h4
22. f5 hxg3 23. fxe6 gxh2+ 24. Kxh2 Qxe6 25. Ndxc4 Na4 26. Qc2 Nb6 27. Qe2 Nxc4
28. Qxc4 Qxc4 29. Nxc4 Rfd8 30. Rad1 Bf8 31. g4 Bh6 1/2-1/2

[Event "Campeonato Individual Provincial Absolut"]
[Site "Trinquet de Manises (Manises -"]
[Date "2011.11.19"]
[Round "6"]
[White "Ballester Llagaria, Luis Eduard"]
[Black "Segarra Martinez, Axel"]
[Result "1-0"]
[WhiteElo "2144"]
[BlackElo "2109"]
[PlyCount "93"]
[EventDate "2011.10.01"]
[EventRounds "7"]
[EventCountry "ESP"]

1. e4 e6 2. d4 d5 3. Nd2 Nf6 4. e5 Nfd7 5. f4 c5 6. Ngf3 Nc6 7. Nb3 f6 8. c3
fxe5 9. fxe5 Be7 10. Ng5 Bxg5 11. Qh5+ g6 12. Qxg5 Qxg5 13. Bxg5 cxd4 14. cxd4
a5 15. a4 O-O 16. Rc1 Nb6 17. Bb5 Bd7 18. Nc5 Rac8 19. Rf1 Rxf1+ 20. Kxf1 Nb8
21. Ke2 Nc6 22. Ke3 Na7 23. Nxd7 Rxc1 24. Nxb6 Nxb5 25. axb5 Rc2 26. Na4 Rxg2
27. h4 Kf7 28. Bd8 Rh2 29. Bxa5 Rh3+ 30. Kd2 Rxh4 31. Nc5 Rh2+ 32. Ke3 Rxb2 33.
Nxb7 Ke7 34. b6 Rb5 35. Kf4 Kd7 36. Nc5+ Kc6 37. b7 h6 38. Bd8 Rb4 39. Ke3 g5
40. Be7 g4 41. Bd6 Rxb7 42. Nxb7 Kxb7 43. Kf4 h5 44. Bb4 Kc6 45. Be1 Kb5 46.
Kg5 Kc4 47. Kf6 1-0

[Event "Campeonato Individual Provincial Absolut"]
[Site "Trinquet de Manises (Manises -"]
[Date "2011.11.19"]
[Round "6"]
[White "Ribes Peris, Alvaro"]
[Black "Castro Exposito, Cristobal"]
[Result "0-1"]
[WhiteElo "2137"]
[BlackElo "2099"]
[PlyCount "68"]
[EventDate "2011.10.01"]
[EventRounds "7"]
[EventCountry "ESP"]

1. d4 d5 2. c4 e6 3. Nc3 Nf6 4. Nf3 Be7 5. Bf4 O-O 6. e3 a6 7. Rc1 Nbd7 8. Bd3
dxc4 9. Bxc4 b5 10. Bd3 c5 11. O-O Bb7 12. Qe2 Nh5 13. Be5 f5 14. Rfd1 Qe8 15.
Bg3 Bxf3 16. Qxf3 cxd4 17. Ne2 dxe3 18. Qxe3 Bd8 19. Bd6 Rf6 20. g4 Bb6 21. Qf3
fxg4 22. Qe4 g6 23. Nf4 Nxf4 24. Bxf4 Bxf2+ 25. Kxf2 e5 26. Qd5+ Kh8 27. Bxg6
hxg6 28. Qxd7 Rxf4+ 29. Kg2 Qf8 30. Rc7 Qh6 31. Kg1 Raf8 32. Qe7 Rf1+ 33. Rxf1
Qe3+ 34. Kg2 Qh3+ 0-1

[Event "Campeonato Individual Provincial Absolut"]
[Site "Trinquet de Manises (Manises -"]
[Date "2011.11.19"]
[Round "6"]
[White "Martinez Lopez, Jaime"]
[Black "Pavia Miralles, Jose Manuel"]
[Result "1/2-1/2"]
[WhiteElo "2105"]
[BlackElo "2166"]
[PlyCount "54"]
[EventDate "2011.10.01"]
[EventRounds "7"]
[EventCountry "ESP"]

1. d4 c5 2. c3 g6 3. dxc5 Bg7 4. e4 Na6 5. Be3 Qc7 6. Bxa6 bxa6 7. Bd4 e5 8.
Be3 Nf6 9. f3 a5 10. c4 Ba6 11. b3 O-O 12. Nc3 Rfc8 13. Nd5 Nxd5 14. cxd5 f5
15. Ne2 fxe4 16. fxe4 Rf8 17. Rf1 d6 18. c6 Qe7 19. Kd2 Qh4 20. Qc2 Qg4 21.
Rxf8+ Rxf8 22. Ng3 h5 23. Kc3 h4 24. Nh1 Bf1 25. Kb2 Bxg2 26. Nf2 Qf3 27. Bxa7
Bh6 1/2-1/2

[Event "Campeonato Individual Provincial Absolut"]
[Site "Trinquet de Manises (Manises -"]
[Date "2011.11.19"]
[Round "6"]
[White "Martinez Ahrens, Francisco"]
[Black "Jordan Arenas, Manuel"]
[Result "0-1"]
[WhiteElo "2105"]
[BlackElo "2166"]
[PlyCount "44"]
[EventDate "2011.10.01"]
[EventRounds "7"]
[EventCountry "ESP"]

1. e4 e5 2. Nc3 Nf6 3. f4 d5 4. fxe5 Nxe4 5. d3 Nxc3 6. bxc3 Nc6 7. Nf3 d4 8.
Be2 dxc3 9. d4 Qd5 10. O-O Be6 11. Be3 O-O-O 12. Qe1 Bb4 13. Bd3 f6 14. exf6
gxf6 15. Qh4 f5 16. Ng5 Rdg8 17. Qf2 f4 18. Qxf4 h6 19. Nf3 Rg4 20. Qf6 Rhg8
21. Rf2 Bf8 22. Bxh6 Be7 0-1

[Event "Campeonato Individual Provincial Absolut"]
[Site "Trinquet de Manises (Manises -"]
[Date "2011.11.19"]
[Round "6"]
[White "Paredes Facundo, Jose Carlos"]
[Black "Gonzalez Aguirre, Luis"]
[Result "0-1"]
[WhiteElo "1937"]
[BlackElo "2150"]
[PlyCount "160"]
[EventDate "2011.10.01"]
[EventRounds "7"]
[EventCountry "ESP"]

1. e4 c6 2. d4 d5 3. exd5 cxd5 4. Bd3 Nc6 5. c3 Nf6 6. Bf4 Bg4 7. Qb3 Qd7 8.
Nd2 e6 9. Ngf3 Bxf3 10. Nxf3 Bd6 11. Bg3 Qc7 12. O-O Bxg3 13. hxg3 O-O 14. Rae1
Rab8 15. Qd1 b5 16. g4 b4 17. g3 bxc3 18. bxc3 Rb2 19. Kg2 Ne7 20. Qc1 Rfb8 21.
Rh1 Ng6 22. Bxg6 hxg6 23. Rh4 Ne4 24. Rxe4 dxe4 25. Ng5 Rb1 26. Qe3 Qc4 27.
Nxe4 Qd5 28. g5 e5 29. dxe5 Qxe5 30. Rf4 Qb5 31. c4 Qb7 32. Qf3 Re8 33. Kh2 Re7
34. Qd3 Rd7 35. Qe3 Re7 36. Qd3 Re8 37. c5 Re1 38. c6 Qxc6 39. f3 Qc1 40. Kh3
Re3 41. Qd2 Qh1+ 42. Qh2 Qe1 43. Kg4 Re2 44. Qh4 R8xe4 45. Rxe4 Rxe4+ 46. fxe4
Qxe4+ 47. Kh3 Qe6+ 48. Qg4 Qxa2 49. Qc8+ Kh7 50. Qa8 a5 51. Kg4 Qc4+ 52. Kf3
Qd3+ 53. Kg2 Qd2+ 54. Kf3 Qxg5 55. Ke2 Qb5+ 56. Kd2 a4 57. Kc3 Qb3+ 58. Kd4
Qb2+ 59. Kc4 Qc2+ 60. Kd4 g5 61. Qh1+ Kg6 62. Qf3 Qb2+ 63. Kc5 Qc2+ 64. Kd4 f6
65. g4 Qb2+ 66. Kc5 Qe5+ 67. Kb6 Qb2+ 68. Ka5 Qc2 69. Ka6 Qc4+ 70. Ka5 Qd4 71.
Qf5+ Kf7 72. Qf3 Qf4 73. Qd5+ Kg6 74. Qd3+ Kh6 75. Qh3+ Kg6 76. Qd3+ f5 77.
Qa6+ Kh7 78. gxf5 Qd2+ 79. Kxa4 Qa2+ 80. Kb5 Qxa6+ 0-1

[Event "Campeonato Individual Provincial Absolut"]
[Site "Trinquet de Manises (Manises -"]
[Date "2011.11.19"]
[Round "6"]
[White "Cabero Feliciano, Guillermo"]
[Black "Nieves Cabanes, Javier"]
[Result "1-0"]
[WhiteElo "2113"]
[BlackElo "1925"]
[PlyCount "81"]
[EventDate "2011.10.01"]
[EventRounds "7"]
[EventCountry "ESP"]

1. Nf3 Nf6 2. c4 g6 3. Nc3 Bg7 4. d4 O-O 5. e4 d6 6. Be2 c5 7. d5 e6 8. O-O
exd5 9. exd5 Bg4 10. Bf4 Bxf3 11. Bxf3 a6 12. a4 Qc7 13. a5 Nfd7 14. Na4 b6 15.
Re1 bxa5 16. Qb3 Ne5 17. Bxe5 Bxe5 18. Rxe5 dxe5 19. d6 Qxd6 20. Bxa8 Nd7 21.
Bd5 Kh8 22. Qc3 Qc7 23. Qe3 f5 24. Re1 f4 25. Qc3 Rf6 26. b3 g5 27. Nb2 Qd6 28.
Nd3 Rf5 29. Qxa5 h6 30. f3 Kg7 31. Nf2 Rf8 32. Ne4 Qe7 33. Qxa6 g4 34. Qe6 Qd8
35. Qxg4+ Kh7 36. Ra1 Qc7 37. Nc3 Kh8 38. Nb5 Qd8 39. Ra8 Qe7 40. Rxf8+ Qxf8
41. Qxd7 1-0

[Event "Campeonato Individual Provincial Absolut"]
[Site "Trinquet de Manises (Manises -"]
[Date "2011.11.19"]
[Round "6"]
[White "Villalba Izquierdo, Pere"]
[Black "Navarro Diaz, Carles"]
[Result "0-1"]
[WhiteElo "2169"]
[BlackElo "2100"]
[PlyCount "46"]
[EventDate "2011.10.01"]
[EventRounds "7"]
[EventCountry "ESP"]

1. e4 c5 2. Nc3 Nc6 3. Nf3 g6 4. d4 cxd4 5. Nxd4 Bg7 6. Be3 Nf6 7. Bc4 O-O 8.
Bb3 d6 9. f3 Bd7 10. Qd2 Rc8 11. O-O-O Ne5 12. Kb1 Nc4 13. Bxc4 Rxc4 14. g4 h5
15. g5 Ne8 16. Rhf1 Nc7 17. Qd3 b5 18. b3 Rc5 19. Nce2 b4 20. Nf5 Bb5 21. Qd2
Bxe2 22. Qxe2 Nb5 23. Rd3 Na3+ 0-1

[Event "Campeonato Individual Provincial Absolut"]
[Site "Trinquet de Manises (Manises -"]
[Date "2011.11.19"]
[Round "6"]
[White "Mateu Pla, Sergio"]
[Black "Martinez Villena, David"]
[Result "1/2-1/2"]
[WhiteElo "1994"]
[BlackElo "1968"]
[PlyCount "85"]
[EventDate "2011.10.01"]
[EventRounds "7"]
[EventCountry "ESP"]

1. c4 e5 2. g3 Nf6 3. Bg2 Bc5 4. Nc3 O-O 5. e3 Nc6 6. a3 a5 7. Nge2 d6 8. O-O
Bg4 9. h3 Bh5 10. d3 Rb8 11. b3 Ne8 12. g4 Bg6 13. Ng3 Ne7 14. d4 Bb6 15. dxe5
dxe5 16. Nd5 Nxd5 17. Bxd5 c6 18. Be4 Bxe4 19. Nxe4 Qh4 20. Qf3 g6 21. Qg3
Qxg3+ 22. Nxg3 Rd8 23. Bb2 f6 24. Rfd1 Ng7 25. Kf1 Ne6 26. b4 Ng5 27. Kg2 Kf7
28. h4 Ne6 29. Kf3 Ke7 30. Ke2 Bc7 31. Rxd8 Rxd8 32. h5 Ng5 33. f3 Ke6 34. hxg6
hxg6 35. Rh1 axb4 36. axb4 Ra8 37. Ra1 Rxa1 38. Bxa1 b5 39. cxb5 cxb5 40. Ne4
Nxe4 41. fxe4 f5 42. gxf5+ gxf5 43. Kf3 1/2-1/2

[Event "Campeonato Individual Provincial Absolut"]
[Site "Trinquet de Manises (Manises -"]
[Date "2011.11.19"]
[Round "6"]
[White "Rodriguez Valencoso, Juan Carlo"]
[Black "Gimenez Saiz, Jose Raul"]
[Result "1-0"]
[WhiteElo "2189"]
[BlackElo "1976"]
[PlyCount "53"]
[EventDate "2011.10.01"]
[EventRounds "7"]
[EventCountry "ESP"]

1. e4 d5 2. exd5 Nf6 3. c4 Bg4 4. Qa4+ Qd7 5. Qb3 c6 6. Nc3 e6 7. h3 Bf5 8. d4
exd5 9. Nf3 Bd6 10. Be2 O-O 11. Ne5 Qc7 12. f4 Nbd7 13. O-O Ne4 14. cxd5 Nxc3
15. Qxc3 cxd5 16. g4 Qxc3 17. bxc3 f6 18. gxf5 fxe5 19. fxe5 Be7 20. c4 dxc4
21. Bxc4+ Kh8 22. Be6 Rad8 23. Rb1 b6 24. Bb2 Bg5 25. Rbe1 h6 26. Ba3 b5 27.
Bxd7 1-0

[Event "Campeonato Individual Provincial Absolut"]
[Site "Trinquet de Manises (Manises -"]
[Date "2011.11.19"]
[Round "6"]
[White "Madero, Sergio"]
[Black "Picornell Morant, Juan Enrique"]
[Result "1-0"]
[WhiteElo "2120"]
[BlackElo "1962"]
[PlyCount "73"]
[EventDate "2011.10.01"]
[EventRounds "7"]
[EventCountry "ESP"]

1. Nf3 Nf6 2. c4 g6 3. g3 Bg7 4. Bg2 O-O 5. O-O d6 6. Nc3 e5 7. b4 a5 8. b5 Re8
9. d4 exd4 10. Nxd4 Nbd7 11. Bg5 h6 12. Bxf6 Bxf6 13. Nd5 Nb6 14. Nxb6 cxb6 15.
e3 h5 16. Qd3 Qc7 17. Rac1 Bg4 18. h3 Bd7 19. Rfd1 Rad8 20. Kh2 h4 21. Bd5 Kg7
22. g4 Bc8 23. f4 Qe7 24. g5 Bxg5 25. fxg5 Qe5+ 26. Kh1 Qxe3 27. Rc3 Qe5 28.
Rf1 Re7 29. Nf3 Qe2 30. Qxe2 Rxe2 31. Nxh4 Be6 32. Bxe6 fxe6 33. Rf6 Rh8 34.
Rxg6+ Kf7 35. Rf3+ Ke7 36. Rg7+ Kd8 37. Ng6 1-0

[Event "Campeonato Individual Provincial Absolut"]
[Site "Trinquet de Manises (Manises -"]
[Date "2011.11.19"]
[Round "6"]
[White "Capella Gimenez, Jose M"]
[Black "Soler Di Benedetto, Sandra"]
[Result "1-0"]
[WhiteElo "2107"]
[BlackElo "1971"]
[PlyCount "50"]
[EventDate "2011.10.01"]
[EventRounds "7"]
[EventCountry "ESP"]

1. d4 d5 2. c4 c6 3. Nc3 Nf6 4. e3 a6 5. Qc2 b5 6. b3 e6 7. Nf3 Nbd7 8. Be2 Bb7
9. O-O Bd6 10. Bb2 O-O 11. Rfd1 Qe7 12. e4 dxe4 13. Nxe4 Nxe4 14. Qxe4 Nf6 15.
Qh4 Nd7 16. Qh3 e5 17. dxe5 Nxe5 18. Nxe5 Bxe5 19. Bd3 g6 20. Re1 f6 21. Rad1
Rad8 22. Bxe5 fxe5 23. Qe3 Rf7 24. f3 Rd4 25. Bxg6 hxg6 1-0

[Event "Campeonato Individual Provincial Absolut"]
[Site "Trinquet de Manises (Manises -"]
[Date "2011.11.19"]
[Round "6"]
[White "Calvo Galve, Nestor"]
[Black "Bixquert Jimenez, Francisco"]
[Result "1-0"]
[WhiteElo "2055"]
[BlackElo "1935"]
[PlyCount "93"]
[EventDate "2011.10.01"]
[EventRounds "7"]
[EventCountry "ESP"]

1. e4 c5 2. Nf3 Nc6 3. d4 cxd4 4. Nxd4 Nf6 5. Nc3 d6 6. Bc4 Qb6 7. Nb3 e6 8.
O-O Be7 9. Bg5 Qc7 10. Qd2 a6 11. a4 b6 12. Rad1 Bb7 13. Bxf6 Bxf6 14. Qxd6
Qxd6 15. Rxd6 Ke7 16. Rfd1 Rhd8 17. Rxd8 Nxd8 18. Nd4 Nc6 19. Nde2 Nb4 20. Bb3
Rc8 21. f3 a5 22. Rd2 Ba6 23. Nd1 Bg5 24. f4 Bxe2 25. fxg5 Bxd1 26. Rxd1 Rc5
27. c3 Na6 28. h4 Re5 29. Bc2 Nc5 30. Rd4 h6 31. gxh6 gxh6 32. Kf2 Nb7 33. b4
Nd6 34. Kf3 f6 35. Bd3 f5 36. Kf4 Nf7 37. exf5 exf5 38. Bxf5 Kf6 39. g4 Re1 40.
g5+ hxg5+ 41. hxg5+ Nxg5 42. Rd6+ Ne6+ 43. Rxe6+ Rxe6 44. Bxe6 Kxe6 45. bxa5
bxa5 46. Ke4 Kd6 47. Kd4 1-0

[Event "Campeonato Individual Provincial Absolut"]
[Site "Trinquet de Manises (Manises -"]
[Date "2011.11.19"]
[Round "6"]
[White "Almenar Montaner, Vicente"]
[Black "Aparisi Arnandis, Bernardo"]
[Result "1/2-1/2"]
[WhiteElo "2039"]
[BlackElo "2048"]
[PlyCount "52"]
[EventDate "2011.10.01"]
[EventRounds "7"]
[EventCountry "ESP"]

1. e4 d5 2. exd5 Qxd5 3. Nc3 Qd8 4. d4 Nf6 5. Nf3 Bg4 6. Be2 c6 7. h3 Bxf3 8.
Bxf3 e6 9. Bg5 Nbd7 10. Qd2 Bb4 11. a3 Qa5 12. O-O Bxc3 13. bxc3 h6 14. Bf4 Nb6
15. Qd3 Nbd5 16. Bd2 Qc7 17. g3 g5 18. Rfe1 Rg8 19. c4 Ne7 20. Rab1 O-O-O 21.
Qb3 Nf5 22. c3 Rd7 23. Qa4 a6 24. Qb3 h5 25. Bg2 Ne7 26. Re2 Ne8 1/2-1/2

[Event "Campeonato Individual Provincial Absolut"]
[Site "Trinquet de Manises (Manises -"]
[Date "2011.11.19"]
[Round "6"]
[White "Redondo Flores, David"]
[Black "Navarro Mora, Jesualdo"]
[Result "0-1"]
[WhiteElo "1956"]
[BlackElo "2009"]
[PlyCount "50"]
[EventDate "2011.10.01"]
[EventRounds "7"]
[EventCountry "ESP"]

1. e4 d6 2. d4 Nf6 3. Nc3 g6 4. Nf3 Bg7 5. Bc4 c6 6. Qe2 b5 7. Bb3 b4 8. e5
dxe5 9. dxe5 bxc3 10. exf6 Bxf6 11. Bg5 Bxg5 12. Nxg5 Qa5 13. Bxf7+ Kf8 14. b4
Qxg5 15. Qf3 Qf6 16. Bc4 Qxf3 17. gxf3 Nd7 18. O-O-O Ne5 19. Be2 Bf5 20. Rd4 a5
21. f4 Nf7 22. bxa5 Rxa5 23. Bc4 Nd6 24. Bb3 c5 25. Rd5 Be4 0-1

[Event "Campeonato Individual Provincial Absolut"]
[Site "Trinquet de Manises (Manises -"]
[Date "2011.11.19"]
[Round "6"]
[White "Gimeno Martos, Roberto"]
[Black "Perales Arona, Joaquin"]
[Result "1-0"]
[WhiteElo "2148"]
[BlackElo "1889"]
[PlyCount "51"]
[EventDate "2011.10.01"]
[EventRounds "7"]
[EventCountry "ESP"]

1. Nf3 d5 2. g3 Nf6 3. Bg2 e6 4. O-O b6 5. d3 Bb7 6. c3 Nbd7 7. Qc2 Bd6 8. Re1
O-O 9. e4 e5 10. Nh4 Re8 11. Nf5 Nf8 12. Bg5 Ne6 13. Bxf6 Qxf6 14. Nxd6 cxd6
15. exd5 Nc7 16. c4 Rac8 17. Nc3 b5 18. Qb3 a6 19. a4 Qf5 20. Be4 Qg4 21. axb5
axb5 22. Nxb5 Nxb5 23. Qxb5 Ba8 24. Ra7 Rb8 25. Qa4 Bb7 26. Rxb7 1-0

[Event "Campeonato Individual Provincial Absolut"]
[Site "Trinquet de Manises (Manises -"]
[Date "2011.11.19"]
[Round "6"]
[White "Rubio Fornes, Abel"]
[Black "Gimenez Menchon, Cesar"]
[Result "1-0"]
[WhiteElo "2006"]
[BlackElo "2050"]
[PlyCount "83"]
[EventDate "2011.10.01"]
[EventRounds "7"]
[EventCountry "ESP"]

1. e4 e5 2. Nf3 Nf6 3. Nxe5 d6 4. Nf3 Nxe4 5. Nc3 Nxc3 6. dxc3 Be7 7. Bf4 Be6
8. Qd2 Nc6 9. Bb5 O-O 10. O-O-O a6 11. Bxc6 bxc6 12. Nd4 Qd7 13. b3 a5 14. a4
Rab8 15. Rhe1 Bf6 16. Bg5 Be5 17. Nxe6 Qxe6 18. f4 f6 19. fxe5 fxg5 20. exd6
Qxd6 21. Qxd6 cxd6 22. Rxd6 Rf2 23. Rd2 Rbf8 24. Ree2 Rf1+ 25. Rd1 R8f2 26.
Rxf1 Rxe2 27. Rg1 c5 28. Kb2 Kf7 29. b4 cxb4 30. cxb4 axb4 31. a5 Ke6 32. Rd1
Re3 33. a6 Kf5 34. a7 Re8 35. Kb3 Ra8 36. Rd7 h5 37. Rxg7 Kf6 38. Rb7 Ke6 39.
Kxb4 Kd6 40. Kb5 Kd5 41. c4+ Kd6 42. Kb6 1-0

[Event "Campeonato Individual Provincial Absolut"]
[Site "Trinquet de Manises (Manises -"]
[Date "2011.11.19"]
[Round "6"]
[White "Marco Francisco, Miriam"]
[Black "De La Calle Llopis, Juan"]
[Result "0-1"]
[WhiteElo "1882"]
[BlackElo "2025"]
[PlyCount "74"]
[EventDate "2011.10.01"]
[EventRounds "7"]
[EventCountry "ESP"]

1. e4 c5 2. f4 Nc6 3. Nf3 d6 4. Be2 g6 5. d3 Bg7 6. c3 Nf6 7. O-O O-O 8. Nbd2
b5 9. Nh4 e5 10. Ndf3 exf4 11. Bxf4 Nh5 12. Be3 b4 13. Rc1 bxc3 14. bxc3 a5 15.
Qd2 Nf6 16. Bg5 Re8 17. h3 Qc7 18. Nh2 Nd7 19. Ng4 c4 20. Qf4 Nc5 21. Nf6+ Bxf6
22. Bxf6 cxd3 23. Qh6 Ne6 24. Bxd3 Ne5 25. Be2 Ba6 26. Bxa6 Rxa6 27. Nf5 Rc6
28. Ng7 Qa7+ 29. Kh1 Rec8 30. Nxe6 fxe6 31. Bxe5 dxe5 32. Rf3 Qg7 33. Qg5 h6
34. Qg4 a4 35. Rcf1 R8c7 36. Rf6 Kh7 37. Rxe6 h5 0-1

[Event "Campeonato Individual Provincial Absolut"]
[Site "Trinquet de Manises (Manises -"]
[Date "2011.11.26"]
[Round "7"]
[White "Sanchez Saez, Francisco"]
[Black "Silva Rodriguez, Fernando"]
[Result "0-1"]
[WhiteElo "2268"]
[BlackElo "2140"]
[PlyCount "102"]
[EventDate "2011.10.01"]
[EventRounds "7"]
[EventCountry "ESP"]

1. e4 e5 2. Nc3 Nc6 3. f4 Bc5 4. Nf3 d6 5. Na4 Bg4 6. Bb5 Nge7 7. c3 O-O 8. h3
Bxf3 9. Qxf3 a6 10. Bxc6 Nxc6 11. Nxc5 dxc5 12. f5 c4 13. O-O f6 14. b3 Qd3 15.
Qg4 Rad8 16. Rf2 Na5 17. b4 Nc6 18. a4 b5 19. axb5 axb5 20. Ra6 Qd7 21. Kh2 Ra8
22. Rxa8 Rxa8 23. Qd1 Qd3 24. Re2 Ra1 25. Re3 Qb1 26. Qh5 Ra8 27. Rg3 Kh8 28.
Qf7 Rg8 29. Qxc7 Qxe4 30. Rg4 Qd5 31. Qb6 e4 32. Qf2 Ra8 33. Qh4 Qe5+ 34. g3
Re8 35. Qh5 Qe7 36. Rh4 h6 37. Rg4 Ne5 38. Rf4 Nf3+ 39. Kh1 Ra8 40. d3 Qa7 41.
Rxf3 exf3 42. Qxf3 Qa1 43. Qe3 cxd3 44. Kg2 Qxc3 45. Bd2 Qc6+ 46. Kf2 Qd7 47.
g4 Re8 48. Qf4 Qe7 49. Be3 Qe5 50. Qf3 Qe4 51. Qg3 d2 0-1

[Event "Campeonato Individual Provincial Absolut"]
[Site "Trinquet de Manises (Manises -"]
[Date "2011.11.26"]
[Round "7"]
[White "Castro Exposito, Cristobal"]
[Black "Montoliu Cervero, Francisco"]
[Result "1-0"]
[WhiteElo "2099"]
[BlackElo "2159"]
[PlyCount "93"]
[EventDate "2011.10.01"]
[EventRounds "7"]
[EventCountry "ESP"]

1. d4 d5 2. Nc3 Nf6 3. Bg5 Nbd7 4. f3 h6 5. Bh4 g5 6. Bg3 c6 7. e4 Bg7 8. Qd2
e6 9. O-O-O a6 10. Bf2 b5 11. e5 Ng8 12. h4 c5 13. dxc5 Qa5 14. Kb1 Nxe5 15.
hxg5 b4 16. Nxd5 exd5 17. Re1 Ne7 18. gxh6 Bf6 19. Bd4 N7c6 20. Bxe5 Nxe5 21.
Qxd5 Be6 22. Rxe5 Bxe5 23. Qxe5 Qxa2+ 24. Kc1 O-O-O 25. Bd3 Rhe8 26. Qf6 b3 27.
h7 Qa1+ 28. Kd2 bxc2 29. Kxc2 Qa4+ 30. Kd2 Qb4+ 31. Qc3 Qf4+ 32. Kc2 Qa4+ 33.
b3 Qa2+ 34. Kc1 Qa3+ 35. Kb1 Bxb3 36. Ne2 Ba2+ 37. Ka1 Bb3+ 38. Kb1 f6 39. Nc1
Ba2+ 40. Nxa2 Qxc3 41. Bxa6+ Kc7 42. Nxc3 Rh8 43. Ne4 Rdf8 44. Rh6 f5 45. Ng5
Kd7 46. c6+ Ke7 47. c7 1-0